[Event "Kimberley Moja op"]
[Site "Kimberley"]
[Date "2023.09.30"]
[Round "2"]
[White "Mhango, Banele"]
[Black "Tavagwisa, Lawrence"]
[Result "1-0"]
[WhiteElo "2230"]
[BlackElo "1908"]
[PlyCount "108"]
[EventDate "2023.09.30"]
[EventType "swiss"]
[EventRounds "9"]
[EventCountry "RSA"]
[SourceTitle "EXT 2024"]
[Source "ChessBase"]
[SourceDate "2023.10.10"]
[SourceVersion "1"]
[SourceVersionDate "2023.10.10"]
[SourceQuality "1"]

1. d4 d5 2. Nc3 Nf6 3. Bf4 c6 4. e3 e6 5. Bd3 Bd6 6. Nf3 0-0 7. 0-0 a6 8. Na4 Bxf4 9. exf4 Qd6 10. Ne5 Nbd7 11. Re1 b5 12. Nc3 c5 13. dxc5 Nxc5 14. Ne2 Nfd7 15. Nd4 Nxd3 16. Nxd3 Bb7 17. Re3 Nc5 18. Nxc5 Qxc5 19. Rh3 g6 20. Qd2 Rfe8 21. Re1 Rad8 22. c3 Qd6 23. Rg3 Bc8 24. h4 f6 25. h5 Kf7 26. f5 g5 27. fxe6+ Bxe6 28. Rge3 Bd7 29. Qd3 Kg8 30. Rxe8+ Rxe8 31. Rxe8+ Bxe8 32. Nf5 Qe5 33. Qxd5+ Qxd5 34. Ne7+ Kg7 35. Nxd5 Bxh5 36. Nc7 Kf7 37. Nxa6 Ke7 38. f3 Kd6 39. Kf2 Bf7 40. b3 h5 41. Ke3 h4 42. Kd4 f5 43. Nc5 Bd5 44. Nd3 g4 45. Ke3 g3 46. Nf4 Bf7 47. Kd4 Be8 48. c4 bxc4 49. bxc4 Ba4 50. c5+ Kc6 51. Ke5 Bd1 52. Kxf5 Bxf3 53. gxf3 g2 54. Nh3 Kd5 1-0

[Event "Africa-ch U2000 op"]
[Site "Windhoek"]
[Date "2018.12.31"]
[Round "1.6"]
[White "Tavagwisa, Lawrence"]
[Black "Mwagomba, Fishan"]
[Result "0-1"]
[WhiteElo "1933"]
[BlackElo "1811"]
[PlyCount "130"]
[EventDate "2018.12.31"]
[EventType "swiss"]
[EventRounds "9"]
[EventCountry "NAM"]
[SourceTitle "EXT 2024"]
[Source "ChessBase"]
[SourceDate "2023.10.10"]
[SourceVersion "1"]
[SourceVersionDate "2023.10.10"]
[SourceQuality "1"]

1. c4 d6 2. Nc3 e5 3. g3 Be6 4. Bg2 c6 5. d3 f5 6. Nf3 Be7 7. 0-0 h6 8. c5 Nf6 9. d4 e4 10. cxd6 Bxd6 11. Ne1 0-0 12. f3 exf3 13. Nxf3 Nd5 14. Nh4 Nd7 15. Nxd5 cxd5 16. Ng6 Rf6 17. Nf4 Bxf4 18. Bxf4 Qb6 19. h4 Rc8 20. Qd3 Rf7 21. b3 Nf6 22. Rac1 Rff8 23. e3 a6 24. Bh3 Ne4 25. Be5 Qa5 26. Rxc8 Bxc8 27. Bg2 Qxa2 28. Bxe4 fxe4 29. Rxf8+ Kxf8 30. Qf1+ Kg8 31. Bd6 Bg4 32. Qf8+ Kh7 33. b4 Qb1+ 34. Qf1 Qc2 35. Qe1 Bf3 36. Qf2 Qc1+ 37. Qf1 Qxe3+ 38. Qf2 Qc1+ 39. Qf1 Qxf1+ 40. Kxf1 e3 41. Bf4 e2+ 42. Kf2 Bg4 43. Bd2 Kg6 44. Ke3 Kf5 45. Be1 g5 46. hxg5 hxg5 47. Bd2 Bh5 48. Be1 Ke6 49. Bd2 b6 50. Kf2 Kd7 51. Bxg5 Kc6 52. Bd2 Kb5 53. Ke3 a5 54. bxa5 bxa5 55. Kd3 a4 56. Kc3 Bg4 57. Be1 a3 58. Kb3 a2 59. Kxa2 Kc4 60. Kb2 Kxd4 61. Kc1 Ke3 62. Kb2 d4 63. Kc2 d3+ 64. Kc1 Bf5 65. g4 Bxg4 0-1

[Event "South African op"]
[Site "Durban"]
[Date "2017.07.16"]
[Round "4"]
[White "Nkuna, Windsor"]
[Black "Tavagwisa, Lawrence"]
[Result "0-1"]
[WhiteElo "1437"]
[BlackElo "1823"]
[PlyCount "102"]
[EventDate "2017.07.14"]
[EventType "swiss"]
[EventRounds "11"]
[EventCountry "RSA"]
[SourceTitle "EXT 2018"]
[Source "ChessBase"]
[SourceDate "2017.10.13"]
[SourceVersion "1"]
[SourceVersionDate "2017.10.13"]
[SourceQuality "1"]

1. d4 Nf6 2. c4 g6 3. Nc3 Bg7 4. Bf4 d6 5. e3 0-0 6. Nf3 Nbd7 7. Be2 Re8 8. 0-0 c6 9. Rc1 a6 10. a4 Qb6 11. Qc2 e5 12. Bg3 Nh5 13. d5 Nxg3 14. hxg3 Nf6 15. Rfd1 Rd8 16. Ng5 Bf5 17. e4 Bc8 18. Rb1 Bh6 19. Nh3 Ng4 20. b4 f5 21. dxc6 bxc6 22. b5 Nf6 23. Bf3 f4 24. gxf4 Bxh3 25. fxe5 Bxg2 26. Kxg2 dxe5 27. bxc6 Qxc6 28. Nd5 Nxd5 29. exd5 Qc5 30. d6 Rac8 31. Bb7 Rb8 32. Rd5 Qa7 33. Bc6 Rb6 34. c5 Rxc6 35. Rxe5 Bg7 36. Re7 Qxc5 37. Qb3+ Qc4 38. Qf3 Rf8 39. d7 Rxf3 40. d8Q+ Rf8 41. Qd7 Bd4 42. Rf1 Rc5 43. f4 Qd5+ 44. Qxd5+ Rxd5 45. Kf3 Rdf5 46. Ke4 Bc5 47. Re6 a5 48. Ra6 Bb4 49. Rf2 Re8+ 50. Kf3 Bf8 51. Kg4 Re4 0-1

[Event "South African op"]
[Site "Durban"]
[Date "2017.07.14"]
[Round "1"]
[White "Tavagwisa, Lawrence"]
[Black "Moodley, Karmishta"]
[Result "1-0"]
[WhiteElo "1823"]
[BlackElo "1486"]
[PlyCount "51"]
[EventDate "2017.07.14"]
[EventType "swiss"]
[EventRounds "11"]
[EventCountry "RSA"]
[SourceTitle "EXT 2018"]
[Source "ChessBase"]
[SourceDate "2017.10.13"]
[SourceVersion "1"]
[SourceVersionDate "2017.10.13"]
[SourceQuality "1"]

1. e4 c5 2. Nf3 g6 3. d4 cxd4 4. Qxd4 Nf6 5. e5 Nc6 6. Qa4 Nd5 7. c4 Nc7 8. Bd2 Bg7 9. Bc3 0-0 10. Be2 Ne6 11. Qc2 Nf4 12. 0-0 Nxe2+ 13. Qxe2 Re8 14. Re1 d6 15. Nbd2 Bf5 16. Nf1 Qc7 17. Ne3 Bd7 18. Nd5 Qd8 19. Rad1 Bf5 20. h3 Rc8 21. Qd2 Be6 22. Qf4 h6 23. exd6 exd6 24. Nf6+ Kh8 25. Nxe8 Qxe8 26. Qxh6+ 1-0

[Event "Johannesburg PSS Capablanca-B"]
[Site "Johannesburg"]
[Date "2017.04.29"]
[Round "6"]
[White "Tavagwisa, Lawrence"]
[Black "Nelson, Jaco"]
[Result "0-1"]
[WhiteElo "1886"]
[BlackElo "1867"]
[PlyCount "76"]
[EventDate "2017.04.26"]
[EventType "tourn"]
[EventRounds "9"]
[EventCountry "RSA"]
[SourceTitle "CBM 178 Extra"]
[Source "ChessBase"]
[SourceDate "2017.06.22"]
[SourceVersion "1"]
[SourceVersionDate "2017.06.22"]
[SourceQuality "1"]

1. e4 c5 2. Nf3 a6 3. d4 cxd4 4. Nxd4 Nf6 5. Bd3 Nc6 6. c3 e5 7. Nc2 Be7 8. 0-0 0-0 9. Bg5 h6 10. Bxf6 Bxf6 11. Ne3 Ne7 12. Bc4 Bg5 13. Re1 Qb6 14. b3 Qg6 15. Nd2 b5 16. Bd3 d5 17. Bc2 d4 18. cxd4 exd4 19. Nd5 Nxd5 20. exd5 d3 21. Bb1 Bf6 22. Nf1 Bxa1 23. Bxd3 Bf5 24. Bxf5 Qxf5 25. Ne3 Qg5 26. Qxa1 f5 27. Qd4 f4 28. Nf1 Rad8 29. d6 Qf6 30. Qd5+ Kh8 31. Rd1 Qg6 32. Qc6 Rf6 33. Qxa6 Rfxd6 34. Rxd6 Rxd6 35. Qxb5 f3 36. g3 Rd1 37. h3 Qe6 38. Kh2 Qe2 0-1

[Event "Johannesburg Tsogo Sun op"]
[Site "Johannesburg"]
[Date "2015.07.18"]
[Round "6"]
[White "Tavagwisa, Lawrence"]
[Black "Xulu, Lethukuthula"]
[Result "1-0"]
[WhiteElo "1751"]
[BlackElo "1939"]
[PlyCount "139"]
[EventDate "2015.07.15"]
[EventType "swiss"]
[EventRounds "9"]
[EventCountry "RSA"]
[SourceTitle "CBM 167 Extra"]
[Source "ChessBase"]
[SourceDate "2015.09.14"]
[SourceVersion "1"]
[SourceVersionDate "2015.09.14"]
[SourceQuality "1"]

1. e4 c6 2. d4 d5 3. exd5 cxd5 4. Bd3 Nc6 5. c3 Nf6 6. Ne2 e5 7. dxe5 Nxe5 8. Bc2 Bc5 9. 0-0 Nfg4 10. Nd4 Qh4 11. Bf4 Bd6 12. Bg3 Qh6 13. Re1 0-0 14. h3 Nxf2 15. Bxf2 Bxh3 16. gxh3 Qxh3 17. Bf5 Qh6 18. Re3 g6 19. Rh3 Qg5+ 20. Rg3 Qf6 21. Qh5 Nc4 22. Rg4 Rfe8 23. Qh6 Bf8 24. Qg5 Qg7 25. b3 Be7 26. Qf4 Bd6 27. Qf3 Ne5 28. Qxd5 Rad8 29. Rg2 Qh6 30. Qb5 Qc1+ 31. Qf1 Qf4 32. Qd1 Bb8 33. Nd2 Kh8 34. Bc2 h5 35. N2f3 Ng4 36. Qc1 Nxf2 37. Kxf2 Rc8 38. Qxf4 Bxf4 39. c4 Bd6 40. Re1 Red8 41. Nb5 Bf8 42. Kf1 a6 43. Nbd4 b5 44. cxb5 axb5 45. Nxb5 Kg7 46. a4 Bb4 47. Re4 Bf8 48. a5 Rd5 49. Nfd4 Bc5 50. a6 f5 51. Rf4 Kf6 52. Bd3 Ke5 53. Bc4 Rd7 54. Rh4 Be7 55. Re2+ Kf6 56. a7 Kg7 57. Rxe7+ Rxe7 58. Ne6+ Kf6 59. Nec7 Kg5 60. Rh2 f4 61. a8Q Rxa8 62. Nxa8 h4 63. Nac7 Kg4 64. Rg2+ Kh5 65. Ne6 f3 66. Nf4+ Kh6 67. Rxg6+ Kh7 68. Bd3 Kh8 69. Rh6+ Kg7 70. Rh7+ 1-0